000 00637nam a22002417a 4500
003 UA-OsUOA
001 23944
007 ta
008 20040202b un ||||| |||| 00| 0 ukr d
100 _aВолкогонов Д.А.
090 _a321.74
_bВ67
942 _cBK
040 _aUA-OsUOA
_brus
_cUA-OsUOA
_dUA-OsUOA
245 _aОружие истины (Критика буржуазной идеологии и ревизионизма)
300 _a208 с.
955 _a0
041 _arus
080 _a321.74
260 _aМосква
_bПолитиздат
_c1987
044 _aRU
650 7 _2UDC
999 _c310206
_d310206